| 000 | 00658nam a2200229 a 4500 | ||
|---|---|---|---|
| 001 | 84201 | ||
| 003 | BD-RjUL | ||
| 005 | 20241031105211.0 | ||
| 008 | 241031s1959 nyu 000 0 eng | ||
| 035 | _a(BD-RjUL)84201 | ||
| 040 |
_aDLC _cCarP _dDLC _dBD-RjUL _beng |
||
| 041 | _aeng | ||
| 082 |
_223 _a025.431 _bDED 1959 |
||
| 100 | 1 |
_aDewey, Melvil, _d1851-1931. _95412 |
|
| 245 | 1 | 0 |
_aDecimal classification and relative index / _cMelvil Dewey. |
| 250 | _a8th ed. | ||
| 260 |
_aLake Placed Club, N.Y.: _bForest Press, _c1959 |
||
| 300 |
_a495 p.; _c27 cm. |
||
| 650 | 0 |
_aClassification, Dewey decimal _95413 |
|
| 942 |
_2ddc _cBK |
||
| 999 |
_c84201 _d84201 |
||